000 00391nam a22001577a 4500
020 _a9788190739700
082 _aH3
_bSHA/G
100 _aSaratchandra Chathopadhyaya
245 _aGruh dah/
_cby Saratchandra Chathopadhyaya
260 _aDelhi:
_bPratap Prakashan,
_c2012.
300 _a235p.
650 _aNovel Hindi
650 _aLiterature Hindi
650 _aLiterature
942 _cBK
999 _c60508
_d60508